000 00425cam a22001457a 4500
008 180718b1957 xxu||||| |||| 00| 0 eng d
082 _aA6x4 N422/5
100 _aGrant, A.J.
245 _aA history of Europe, from 1494 to 1610
_cby A.J. Grant
250 _a5th ed.
260 _aLondon
_bMethuen
_c1957
300 _a572p.
500 _aMethuen's History of Medievel and Modern Europe v.5 30/-
650 _aEurope - History
999 _c366714
_d366714